La más noble aventura (Record no. 61680)
[ view plain ]
| 000 -LEADER | |
|---|---|
| campo de control de longitud fija | 00509nam a2200169 i 4500 |
| 001 - NÚMERO DE CONTROL | |
| campo de control | 61680 |
| 003 - IDENTIFICADOR DE NÚMERO DE CONTROL | |
| campo de control | ES-MaACL |
| 005 - FECHA Y HORA DE LA ÚLTIMA TRANSACCIÓN | |
| campo de control | 20230906164523.0 |
| 007 - CAMPO FIJO DE DESCRIPCIÓN FÍSICA--INFORMACIÓN GENERAL | |
| campo de control de longitud fija | t| |
| 008 - DATOS DE LONGITUD FIJA--INFORMACIÓN GENERAL | |
| campo de control de longitud fija | 031113s1971 sp ||||1| spa d |
| 100 1# - ENTRADA PRINCIPAL--NOMBRE DE PERSONA | |
| Nombre de persona | Fare Lombardi, Enrique. |
| 9 (RLIN) | 48836 |
| 245 13 - MENCIÓN DEL TÍTULO | |
| Título | La más noble aventura |
| Resto del título | : reflexiones misionales-vacacionales para jóvenes / |
| Mención de responsabilidad, etc. | Enrique Fare Lombardi. |
| 250 ## - MENCION DE EDICION | |
| Mención de edición | 5ª ed. |
| 260 ## - PUBLICACIÓN, DISTRIBUCIÓN, ETC. | |
| Lugar de publicación, distribución, etc. | Madrid : |
| Nombre del editor, distribuidor, etc. | Mundo negro, |
| Fecha de publicación, distribución, etc. | [1971] |
| 300 ## - DESCRIPCIÓN FÍSICA | |
| Extensión | 364 p. ; |
| Dimensiones | 17 cm. |
| 852 ## - LOCALIZACIÓN | |
| Ubicación | ES-MaACL |
| Número de control de estantería | C-40803 |
| Sublocalización o colección | R.78901 |
| Estatus retirado | Estado de pérdida | Estado de daño | No para préstamo | Biblioteca de origen | Biblioteca actual | Ubicación en estantería | Fecha de adquisición | Fuente de adquisición | Total de préstamos | Signatura topográfica completa | Código de barras | Visto por última vez | Precio de reemplazo | Tipo de ítem Koha |
|---|---|---|---|---|---|---|---|---|---|---|---|---|---|---|
| Biblioteca del Ateneo de Madrid | Biblioteca del Ateneo de Madrid | Depósito 2 | 17/01/2008 | C-40803 | 1064675 | 23/02/2023 | 23/02/2023 | Libro impreso |
